000 00357nam a2200145 i 4500
001 bg
245 0 _aBibliografia Pomorza Zachodniego /
_coprac. Ewa Gos. T.9:1969-1970.
260 _aSzczecin,
_c1977.
700 1 _aGos, Ewa.
_eOprac.
040 _cBPK
041 _apol
080 _a016(438)
942 _cKS
008 s pl f |000 0 pol
999 _c19739
_d19739
856 _uhttp://koha.tu.koszalin.pl/cgi-bin/koha/opac-detail.pl?biblionumber=19739
_yKatalog online BPK